| 000 | 005120000a22001450004500 | ||
|---|---|---|---|
| 090 |
_aAS _bSeriadas |
||
| 245 | 1 | 0 | _aSphacele salviae, un recurso de medicina tradicional chilena poco conocido |
| 041 | 0 | _aEspañol | |
| 700 | 1 |
_aMontenegro, Gloria _999148 |
|
| 700 | 1 |
_aIturriaga, Liliana _999165 |
|
| 700 | 1 |
_aTimmermann, Barbara N. _999166 |
|
| 100 | 1 |
_aPeña, Raúl C. _999167 |
|
| 942 | _cARTICULO | ||
| 773 | 1 |
_tRevista de la Academia Colombiana de Ciencias Exactas, Fisicas y Naturales _332 _h91 _q193-199 _d2000 _g24 |
|
| 999 |
_c14258 _d14258 |
||